Haz que regrese = Bring Her Back /
Un par de hermanos adolescentes quedan huérfanos tras la muerte de su padre, y son enviados a un hogar de crianza, en donde su nueva madre esconde un secreto que los pondrá en peligro.
Na minha lista:
| Autor principal: | |
|---|---|
| Outros Autores: | , , , , , , , , , , , |
| Formato: | |
| Idioma: | inglês |
| Publicado em: |
Australia :
Causeway Films,
2025, c2025
|
| Edição: | Edición especial |
| Colecção: | (A24 ;
28) |
| Assuntos: | |
| Tags: |
Sem tags, seja o primeiro a adicionar uma tag!
|
MARC
| LEADER | 00000ngm^a2200000^a^4500 | ||
|---|---|---|---|
| 001 | 000629726 | ||
| 005 | 20260325000000.0 | ||
| 009 | 20260407175354.494 | ||
| 037 | |a Acervo ITESO - Biblioteca | ||
| 041 | |a ING | ||
| 082 | |a 808. 8 |b ATW V. 28 | ||
| 100 | |a Philippou, Danny |e (realización) | ||
| 245 | 1 | 0 | |a Haz que regrese = |b Bring Her Back / |c Realización de D. Philippou, M. Philippou. |
| 246 | 2 | |a Título en México: Haz que regrese | |
| 250 | |a Edición especial | ||
| 264 | 4 | |a Australia : |b Causeway Films, |c 2025, c2025 | |
| 264 | 2 | |a Nueva York, EUA : |b A24 [distribución], |c 2025, c2025 | |
| 300 | |a 1 blu-ray sin dato de región (104, 19 min.) ; |b color | ||
| 336 | |a imagen móvil bidimensional |b tdi |2 rdacontenido | ||
| 337 | |a video |b v |2 rdamedio | ||
| 338 | |a videodisco |b vd |2 rdasoporte | ||
| 440 | 1 | |a (A24 ; |v 28) | |
| 520 | |a Un par de hermanos adolescentes quedan huérfanos tras la muerte de su padre, y son enviados a un hogar de crianza, en donde su nueva madre esconde un secreto que los pondrá en peligro. | ||
| 546 | |a En inglés, con subtítulos opcionales: español, inglés | ||
| 649 | |a XX | ||
| 650 | |a Adolescentes en el Cine | ||
| 650 | |a Hermanos en el Cine | ||
| 650 | |a Huérfanos en el Cine | ||
| 650 | |a Débiles Visuales en el Cine | ||
| 650 | |a Making Of (Documentales detrás de Cámaras) | ||
| 650 | |a Producción Cinematográfica - |z Australia | ||
| 650 | |a Películas de Suspenso y Terror | ||
| 650 | |a Cine Australiano - |y 2020-2029 | ||
| 650 | |a Cine Australiano - |y Siglo XXI | ||
| 650 | |a Cine Australiano - |x Historia y Crítica | ||
| 650 | |a Duelo en el Cine | ||
| 650 | |a Sacrificios Rituales en el Cine | ||
| 650 | |a Culto Religioso en el Cine | ||
| 650 | |a Ciencias Ocultas en el Cine | ||
| 700 | |a Philippou, Michael |e (realización) | ||
| 700 | |a Philippou, Danny |e (guión) | ||
| 700 | |a Hinzman, Bill |e (guión) | ||
| 700 | |a McLisky, Aaron |e (fotógrafo) | ||
| 700 | |a Cahill, Anna |e (vestuario) | ||
| 700 | |a Lamb, Geoff |e (montaje) | ||
| 700 | |a Wilczek, Cornel |e (música) | ||
| 700 | |a Barratt, Billy |e (actuación) | ||
| 700 | |a Hawkins, Sally |e (actuación) | ||
| 700 | |a Heywood, Mischa |e (actuación) | ||
| 700 | |a Philippou, Danny |e (comentarios) | ||
| 700 | |a Philippou, Michael |e (comentarios) | ||
| 910 | |a Fondo General | ||
| 920 | |a Audiovisuales - Blu-rays | ||
| 940 | |a Películas | ||
| 905 | |a 309 | ||
| 901 | |a 629959-10 |b IT2 |c BRR |i C191457 |u 20260325 | ||
| 902 | |a https://opac.biblio.iteso.mx/vufind/Record/000629726 | ||